000 01010nam a2200313 i 4500
001 bg
003 BPK
005 20220322083201.0
008 003243s1999 pl a f |000 0 pol
015 _aPB 2000/9660
020 _a8388007254
040 _aWA N
_cBPK
041 0 _apol
080 _a517.52
080 _a517.9
080 _a(075.8+076)
100 1 _aJankowska, Kazimiera
_eAutor
245 1 0 _aZadania z matematyki wyższej /
_cKazimiera Jankowska, Tadeusz Jankowski.
260 _aGdańsk :
_bWydaw. Politechniki Gdańskiej,
_c1999.
300 _a132 s. :
_bil. ;
_c24 cm.
504 _aBibliogr.
655 4 _aĆwiczenia i zadania dla szkół wyższych
650 4 _aRównania różniczkowe
650 4 _aSzeregi
710 2 _aPolitechnika Gdańska.
_bWydawnictwo.
_4pbl.
700 1 _aJankowski, Tadeusz
_d(1940- )
_eAutor
856 _uhttp://koha.tu.koszalin.pl/cgi-bin/koha/opac-detail.pl?biblionumber=38409
_yKatalog online BPK
942 _2UKD
_cKS
999 _c38409
_d38409